The Da Vinci Code : (Record no. 10794)
[ view plain ]
| 000 -LEADER | |
|---|---|
| fixed length control field | 00565nam a2200217 a 4500 |
| 001 - CONTROL NUMBER | |
| JCCL Control Number | 10794 |
| 003 - CONTROL NUMBER IDENTIFIER | |
| JCCL marc code | BD-JhCC |
| 005 - DATE AND TIME OF LATEST TRANSACTION | |
| control field | 20230208134023.0 |
| 008 - FIXED-LENGTH DATA ELEMENTS--GENERAL INFORMATION | |
| fixed length control field | 190403s 2003nyu |||| |||| 000 0 Eng d |
| 020 ## - INTERNATIONAL STANDARD BOOK NUMBER | |
| International Standard Book Number | 0385513224 |
| 035 ## - SYSTEM CONTROL NUMBER | |
| system control number | (BD-JhCC)10794 |
| 040 ## - CATALOGING SOURCE | |
| Original cataloging agency | BD-JhCC |
| Modifying agency | BD-JhCC |
| 041 ## - LANGUAGE CODE | |
| Language code of Book | eng |
| 082 ## - DEWEY DECIMAL CLASSIFICATION NUMBER | |
| Classification number | 813.54 |
| Author mark and Year | BRO 2003 |
| 100 ## - MAIN ENTRY--PERSONAL NAME | |
| Personal name | Brown, Dan |
| 245 ## - TITLE STATEMENT | |
| Title | The Da Vinci Code : |
| Remainder of title | a novel / |
| Statement of responsibility, etc | Dan Brown |
| 260 ## - PUBLICATION, DISTRIBUTION, ETC. (IMPRINT) | |
| Place of publication, distribution, etc | New York : |
| Name of publisher, distributor, etc | Doubleday, |
| Date of publication, distribution, etc | c2003. |
| 300 ## - PHYSICAL DESCRIPTION | |
| Pagination | 489 p. : |
| Dimensions | 16 cm. |
| 650 ## - SUBJECT ADDED ENTRY--TOPICAL TERM | |
| Topical term or geographic name as entry element | Novel |
| General subdivision | Detective and mystery stories |
| 942 ## - ADDED ENTRY ELEMENTS (KOHA) | |
| Source of classification or shelving scheme | Dewey Decimal Classification |
| Koha item type | Books |
| Koha issues (borrowed), all copies | 40 |
| Source of classification or shelving scheme | Damaged status | Not for loan | Home library | Current library | Shelving location | Date of accession | Cost, normal purchase price | Total Checkouts | Full call number | Barcode | Checked out | Date last seen | Date checked out | Copy number | Koha item type |
|---|---|---|---|---|---|---|---|---|---|---|---|---|---|---|---|
| Dewey Decimal Classification | JCC Rouf Library | JCC Rouf Library | General Stacks | 04/03/2019 | 640.00 | 6 | 813.54 BRO 2003 | 14673 | 03/05/2023 | 02/07/2023 | 02/07/2023 | C-1 | Books | ||
| Dewey Decimal Classification | JCC Rouf Library | JCC Rouf Library | General Stacks | 09/02/2019 | 718.00 | 22 | 813.54 BRO 2009 | 15522 | 02/09/2026 | 02/03/2026 | C-2 | Books | |||
| Dewey Decimal Classification | JCC Rouf Library | JCC Rouf Library | General Stacks | 07/28/2020 | 718.00 | 22 | 813.54 BRO 2003 | 15978 | 07/10/2025 | 06/16/2025 | 06/16/2025 | C-3 | Books |